Sports Quiz

Random Sports or Baseball Quiz

MLB Last 200-Hit Season (by Team) Quiz Stats

Quiz Updated Oct 2, 2017

Challenge
Share
Tweet
Embed
Score 0/29 Timer 06:00
2 Plays Today
Team Player % Correct
Seattle MarinersIchiro Suzuki
86.5%
New York YankeesDerek Jeter
79.1%
Milwaukee BrewersRyan Braun
76.4%
Philadelphia PhilliesJimmy Rollins
74.2%
Arizona DiamondbacksJean Segura
74.1%
St. Louis CardinalsAlbert Pujols
73.1%
Miami MarlinsDee Gordon
72%
Houston AstrosJose Altuve
71.9%
Boston Red SoxBetts & Pedroia
71%
Cincinnati RedsPete Rose
68%
New York MetsJose Reyes
66.1%
Texas RangersMichael Young
63.9%
Los Angeles AngelsVladimir Guerrero
57.4%
Washington NationalsVladimir Guerrero
57.4%
Detroit TigersMiguel Cabrera
57.3%
Team Player % Correct
Baltimore OriolesMiguel Tejada
54.7%
Oakland AthleticsMiguel Tejada
54.7%
Kansas City RoyalsMelky Cabrera
53.6%
Toronto Blue JaysVernon Wells
38.8%
Cleveland IndiansMichael Brantley
37.7%
Chicago CubsStarlin Castro
36.5%
Colorado RockiesCharlie Blackmon
34.9%
Los Angeles DodgersAdrian Beltre
33.2%
Pittsburgh PiratesFreddy Sanchez
27.8%
Chicago White SoxAlbert Belle
26.3%
Minnesota TwinsPaul Molitor
19%
San Francisco GiantsRich Aurilia
18%
Atlanta BravesEider Inciarte
13.7%
San Diego PadresMark Loretta
7.8%

You're not logged in!

Compare scores with friends on all Sporcle quizzes.
Sign Up with Email
OR
Log In

You Might Also Like...

Show Comments

Extras

Top Quizzes Today


Score Distribution

Your Account Isn't Verified!

In order to create a playlist on Sporcle, you need to verify the email address you used during registration. Go to your Sporcle Settings to finish the process.